[Event "X Torneo Internazionale"]
[Site "Montecatini Terme ITA"]
[Date "2004.01.28"]
[Round "6"]
[White "Naumkin, Igor"]
[Black "Sabia, Corrado"]
[Result "1-0"]
[WhiteElo "2416"]
[BlackElo "2148"]
[PlyCount "69"]
[EventDate "2004.01.24"]

1. d4 d5 2. c4 c6 3. Nf3 Nf6 4. Nc3 dxc4 5. a4 Bf5 6. e3 e6 7. Bxc4 Bb4 8. O-O
O-O 9. Nh4 Bg6 10. Nxg6 hxg6 11. Qe2 Nbd7 12. Rd1 Qa5 13. Bd2 e5 14. dxe5 Nxe5
15. Ba2 Rad8 16. Be1 g5 17. f3 Rfe8 18. e4 Nh5 19. g3 g4 20. fxg4 Nf6 21. g5
Nfd7 22. Kg2 Nc5 23. Bf2 g6 24. Bd4 Ne6 25. Be3 Nc5 26. h4 Ncd3 27. h5 Bxc3 28.
hxg6 Nxg6 29. Rxd3 Rxd3 30. Qxd3 Bg7 31. Bxf7+ Kxf7 32. Qb3+ Re6 33. Rf1+ Ke7
34. Qxb7+ Kd6 35. Rd1+ 1-0

[Event "X Torneo Internazionale"]
[Site "Montecatini Terme ITA"]
[Date "2004.01.28"]
[Round "6"]
[White "Scuderi, David"]
[Black "Sciortino, Massimo"]
[Result "1/2-1/2"]
[WhiteElo "1831"]
[BlackElo "2187"]
[PlyCount "111"]
[EventDate "2004.01.24"]

1. e4 e5 2. Nf3 Nc6 3. Bb5 Nf6 4. O-O Nxe4 5. Bxc6 dxc6 6. Re1 Nd6 7. Nxe5 Be7
8. d4 O-O 9. Bf4 Be6 10. Nd2 Nf5 11. c3 c5 12. dxc5 Bxc5 13. Ne4 Qxd1 14. Raxd1
Bb6 15. Nd7 Bxd7 16. Rxd7 Rfe8 17. Kf1 Rad8 18. Red1 Rxd7 19. Rxd7 h6 20. Ng3
Nxg3+ 21. Bxg3 Rc8 22. c4 Kf8 23. b4 Ke8 24. Rd5 c6 25. Rd3 Rd8 26. Rxd8+ Bxd8
27. Ke2 Be7 28. b5 Kd7 29. Kd3 Bc5 30. f3 Ke6 31. Ke4 f5+ 32. Kd3 cxb5 33. cxb5
Kd5 34. Be1 h5 35. Bd2 Bd6 36. h3 Kc5 37. a4 Kd5 38. Bc3 g6 39. Bd2 Bc5 40. Bc3
Bf2 41. Bd2 Ke5 42. Kc4 Bb6 43. Kd3 Bc5 44. Kc4 Bf2 45. Kd3 Kd5 46. Bc3 Bg3 47.
Bd2 Bd6 48. Bc3 Bf4 49. Bb4 Bc1 50. Bc3 a6 51. bxa6 bxa6 52. Bb4 Ke5 53. Bf8 g5
54. Be7 Kd5 55. Bb4 Bf4 56. Bc3 1/2-1/2

[Event "X Torneo Internazionale"]
[Site "Montecatini Terme ITA"]
[Date "2004.01.28"]
[Round "6"]
[White "Skembris, Spyridon"]
[Black "Tocchioni, Doriano"]
[Result "1-0"]
[WhiteElo "2442"]
[BlackElo "2249"]
[PlyCount "33"]
[EventDate "2004.01.24"]

1. c4 c5 2. Nf3 Nc6 3. d4 cxd4 4. Nxd4 Nf6 5. Nc3 g6 6. e4 d6 7. Be2 Bg7 8. Be3
O-O 9. O-O Bd7 10. Qd2 Re8 11. Rac1 Qb8 12. f3 a6 13. Nb3 b5 14. cxb5 axb5 15.
Bxb5 Nxe4 16. fxe4 Bxc3 17. Qe2 1-0

[Event "X Torneo Internazionale"]
[Site "Montecatini Terme ITA"]
[Date "2004.01.28"]
[Round "6"]
[White "Trabert, Bettina"]
[Black "Squarci, Franco"]
[Result "1-0"]
[WhiteElo "2247"]
[BlackElo "2016"]
[PlyCount "45"]
[EventDate "2004.01.24"]

1. e4 c5 2. Nf3 d6 3. d4 Nf6 4. Nc3 Nc6 5. dxc5 dxc5 6. Qxd8+ Kxd8 7. Be3 Nd7
8. O-O-O e6 9. Ng5 Ke7 10. f4 f6 11. Nf3 b6 12. Nb5 a6 13. Nd6 h5 14. Nh4 Rg8
15. Nxc8+ Rxc8 16. Ng6+ Ke8 17. Bxa6 Rc7 18. Bc4 Nd8 19. f5 Rc6 20. Bb5 Rd6 21.
Nxf8 Rxd1+ 22. Rxd1 Rxf8 23. Rxd7 1-0

[Event "X Torneo Internazionale"]
[Site "Montecatini Terme ITA"]
[Date "2004.01.29"]
[Round "7"]
[White "Aldrovandi, Costantino"]
[Black "Di Caro, Calogero"]
[Result "1/2-1/2"]
[WhiteElo "2375"]
[BlackElo "2297"]
[PlyCount "82"]
[EventDate "2004.01.24"]

1. e4 e6 2. d3 d5 3. Nd2 Nf6 4. Ngf3 g6 5. Be2 Bg7 6. O-O O-O 7. c3 c5 8. Re1
Nc6 9. Bf1 Qc7 10. h3 b6 11. a3 a5 12. e5 Nd7 13. d4 cxd4 14. cxd4 f6 15. exf6
Rxf6 16. Bb5 Ba6 17. Bxa6 Rxa6 18. Re3 Ra8 19. Nf1 Rxf3 20. Rxf3 Nxd4 21. Rc3
Qd6 22. Bg5 Nc5 23. Ng3 a4 24. Rb1 Ndb3 25. Rc2 Rf8 26. Re2 Rxf2 27. Rxf2 Qxg3
28. Qf3 Qxf3 29. gxf3 Bd4 30. Kf1 Bxf2 31. Kxf2 Nd3+ 32. Ke3 Ne5 33. Bf6 Nc4+
34. Kd3 Kf7 35. Bc3 e5 36. Rg1 Nc5+ 37. Kc2 Ne3+ 38. Kd2 Nc4+ 39. Kc2 Ne3+ 40.
Kd2 Nc4+ 41. Kc2 Ne3+ 1/2-1/2

[Event "X Torneo Internazionale"]
[Site "Montecatini Terme ITA"]
[Date "2004.01.29"]
[Round "7"]
[White "Sabia, Corrado"]
[Black "Mrdja, Milan"]
[Result "0-1"]
[WhiteElo "2148"]
[BlackElo "2413"]
[PlyCount "120"]
[EventDate "2004.01.24"]

1. e4 g6 2. d4 Bg7 3. Nc3 d6 4. Be3 a6 5. Qd2 Nd7 6. Nf3 e6 7. Bd3 h6 8. h3 Ne7
9. h4 b5 10. h5 g5 11. Nh2 Bb7 12. Ne2 c5 13. c3 c4 14. Bc2 f5 15. f4 Nf6 16.
d5 fxe4 17. dxe6 Nf5 18. Nd4 Nxe3 19. Qxe3 gxf4 20. Qxf4 O-O 21. Ng4 Nxg4 22.
Qxg4 Qg5 23. Qxg5 hxg5 24. Rd1 Rae8 25. h6 Bxd4 26. Rxd4 Rxe6 27. Rh5 Rf5 28.
g4 Rfe5 29. h7+ Kh8 30. Ke2 Rf6 31. Rd1 Bc8 32. Rg1 e3 33. Bf5 Bxf5 34. gxf5
Rfxf5 35. Rf1 Rxf1 36. Kxf1 e2+ 37. Ke1 a5 38. Rh6 g4 39. Rxd6 Kxh7 40. Rd4 g3
41. Rg4 Re3 42. a4 bxa4 43. Rxc4 a3 44. bxa3 Kg6 45. Rc8 Kf5 46. c4 Ke4 47. c5
Kd5 48. c6 Rxa3 49. Kxe2 a4 50. Kf1 Ra2 51. Kg1 Kd6 52. Rg8 Re2 53. Rxg3 Kxc6
54. Kf1 Re4 55. Rg8 Kb5 56. Rb8+ Kc4 57. Rc8+ Kb3 58. Rb8+ Rb4 59. Ra8 a3 60.
Ke2 a2 0-1

[Event "X Torneo Internazionale"]
[Site "Montecatini Terme ITA"]
[Date "2004.01.29"]
[Round "7"]
[White "Sciortino, Massimo"]
[Black "Skembris, Spyridon"]
[Result "1/2-1/2"]
[WhiteElo "2187"]
[BlackElo "2442"]
[PlyCount "27"]
[EventDate "2004.01.24"]

1. d4 d5 2. c4 e6 3. Nc3 Be7 4. Nf3 Nf6 5. cxd5 exd5 6. Bg5 c6 7. Qc2 g6 8. e3
Bf5 9. Bd3 Bxd3 10. Qxd3 Nbd7 11. O-O O-O 12. Rfc1 Re8 13. Rab1 a5 14. a3
1/2-1/2

[Event "X Torneo Internazionale"]
[Site "Montecatini Terme ITA"]
[Date "2004.01.29"]
[Round "7"]
[White "Tocchioni, Doriano"]
[Black "Trabert, Bettina"]
[Result "1-0"]
[WhiteElo "2249"]
[BlackElo "2247"]
[PlyCount "77"]
[EventDate "2004.01.24"]

1. d4 d5 2. Nf3 c6 3. Bf4 Qb6 4. Qc1 Nf6 5. h3 Bf5 6. e3 h6 7. Nbd2 e6 8. Be2
c5 9. O-O Nbd7 10. a4 a6 11. a5 Qd8 12. c4 Be7 13. b4 cxb4 14. c5 g5 15. Bg3
Nb8 16. Qb2 Nc6 17. Ne5 Nd7 18. Nxc6 bxc6 19. Qxb4 Qc8 20. e4 Bxe4 21. Nxe4
dxe4 22. Qb1 Nf6 23. Be5 O-O 24. f4 Nd7 25. fxg5 Nxe5 26. dxe5 hxg5 27. Qxe4
Kg7 28. Bd3 Bxc5+ 29. Kh1 Rh8 30. Rxf7+ Kxf7 31. Qg6+ Ke7 32. Qg7+ Kd8 33. Rd1
Bd4 34. Qxh8+ Kc7 35. Qg7+ Kd8 36. Qf8+ Kc7 37. Qd6+ Kb7 38. Rb1+ Ka7 39. Qe7+
1-0

[Event "X Torneo Internazionale"]
[Site "Montecatini Terme ITA"]
[Date "2004.01.29"]
[Round "7"]
[White "Vezzosi, Paolo"]
[Black "Scuderi, David"]
[Result "1-0"]
[WhiteElo "2355"]
[BlackElo "1831"]
[PlyCount "49"]
[EventDate "2004.01.24"]

1. Nf3 Nf6 2. c4 g6 3. Nc3 Bg7 4. e4 d6 5. d4 O-O 6. Be2 Nfd7 7. O-O e5 8. d5
c6 9. dxc6 Nc5 10. b4 Nca6 11. cxb7 Bxb7 12. a3 f5 13. Nd5 Nc7 14. Ng5 Bxd5 15.
cxd5 h6 16. Ne6 Nxe6 17. dxe6 Nc6 18. exf5 gxf5 19. Bh5 Nd4 20. Bf7+ Kh8 21.
Be3 Nb5 22. Qd3 Rxf7 23. exf7 Qd7 24. a4 Nc7 25. Rac1 1-0

[Event "X Torneo Internazionale"]
[Site "Montecatini Terme ITA"]
[Date "2004.01.30"]
[Round "8"]
[White "Mrdja, Milan"]
[Black "Di Caro, Calogero"]
[Result "1/2-1/2"]
[WhiteElo "2413"]
[BlackElo "2297"]
[PlyCount "123"]
[EventDate "2004.01.24"]

1. e4 e6 2. d4 d5 3. Nc3 Nf6 4. e5 Nfd7 5. f4 c5 6. Nf3 Nc6 7. Ne2 Qb6 8. c3 f6
9. a3 Be7 10. g3 cxd4 11. exf6 Nxf6 12. Nexd4 O-O 13. Bd3 Bd6 14. Qe2 e5 15.
fxe5 Nxe5 16. Nxe5 Bxe5 17. Be3 Bg4 18. Qc2 Ne4 19. Bxe4 dxe4 20. Qb3+ Qxb3 21.
Nxb3 Rf5 22. Rg1 Rh5 23. h4 Rf5 24. Nd4 Rf6 25. Kd2 Raf8 26. Rae1 h6 27. Kc1
Bb8 28. Bd2 Bf3 29. Ref1 a6 30. Kc2 Rg6 31. Be1 Be5 32. Nxf3 exf3 33. Bf2 Re6
34. Re1 Rff6 35. Rgf1 Bd6 36. Rxe6 Rxe6 37. Kd3 Re2 38. b4 Ra2 39. g4 Rxa3 40.
Bd4 Bxb4 41. Rxf3 Be7 42. h5 b5 43. Re3 Bf6 44. Bxf6 gxf6 45. Re8+ Kf7 46. Rb8
Ra4 47. Rb7+ Ke6 48. Rb6+ Ke5 49. Rc6 Rxg4 50. Rxa6 Rg3+ 51. Kc2 Kf5 52. Rb6
Kg4 53. Rxb5 f5 54. c4 Re3 55. Kd2 Re8 56. Rb1 Kxh5 57. c5 Kg5 58. c6 Rc8 59.
Rc1 Rc7 60. Ke3 h5 61. Kf3 h4 62. Rc5 1/2-1/2

[Event "X Torneo Internazionale"]
[Site "Montecatini Terme ITA"]
[Date "2004.01.30"]
[Round "8"]
[White "Sabia, Corrado"]
[Black "Squarci, Franco"]
[Result "1-0"]
[WhiteElo "2148"]
[BlackElo "2016"]
[PlyCount "43"]
[EventDate "2004.01.24"]

1. e4 e5 2. Nf3 d6 3. d4 Nd7 4. Bc4 Be7 5. dxe5 dxe5 6. Qd5 Bb4+ 7. c3 Qe7 8.
cxb4 Ngf6 9. Qd3 Qxb4+ 10. Qc3 a5 11. Qxb4 axb4 12. Nbd2 O-O 13. O-O c6 14. Re1
b5 15. Bf1 Re8 16. Nb3 Ba6 17. Bg5 c5 18. Bxf6 gxf6 19. Red1 Ra7 20. Rxd7 Rxd7
21. Nxc5 Rd6 22. Nxa6 1-0

[Event "X Torneo Internazionale"]
[Site "Montecatini Terme ITA"]
[Date "2004.01.30"]
[Round "8"]
[White "Scuderi, David"]
[Black "Aldrovandi, Costantino"]
[Result "1/2-1/2"]
[WhiteElo "1831"]
[BlackElo "2375"]
[PlyCount "26"]
[EventDate "2004.01.24"]

1. e4 e5 2. Nf3 d6 3. d4 Nd7 4. Nc3 c6 5. Be2 Ngf6 6. O-O Be7 7. h3 O-O 8. Be3
a6 9. dxe5 dxe5 10. a4 b6 11. Nd2 Qc7 12. Bf3 Bb7 13. Qe2 Nc5 1/2-1/2

[Event "X Torneo Internazionale"]
[Site "Montecatini Terme ITA"]
[Date "2004.01.30"]
[Round "8"]
[White "Skembris, Spyridon"]
[Black "Vezzosi, Paolo"]
[Result "1/2-1/2"]
[WhiteElo "2442"]
[BlackElo "2355"]
[PlyCount "111"]
[EventDate "2004.01.24"]

1. d4 Nf6 2. c4 e6 3. Nc3 d5 4. Bg5 Nbd7 5. cxd5 exd5 6. e3 c6 7. Bd3 Be7 8.
Qc2 O-O 9. Nge2 Re8 10. h3 Nf8 11. O-O-O Ne4 12. Bxe7 Qxe7 13. Bxe4 dxe4 14. g4
f5 15. Rdg1 Ng6 16. gxf5 Bxf5 17. Ng3 Nh4 18. Nxf5 Nxf5 19. Rg4 Nd6 20. Rhg1 g6
21. h4 Kh8 22. Kb1 Rad8 23. Ne2 Nf5 24. Rh1 Rd6 25. Nc3 Re6 26. h5 g5 27. Na4
Nd6 28. h6 Rg6 29. Qc5 Nf7 30. Qxa7 Rxh6 31. Rhg1 Rg6 32. Nc3 Nd6 33. d5 Qe5
34. dxc6 bxc6 35. Rd1 h5 36. Rgg1 Rf8 37. Rg2 h4 38. Qd7 Nf5 39. Rg4 Rd6 40.
Rxd6 Nxd6 41. Rg1 Rf6 42. Qg4 Rh6 43. Qxg5 Qxg5 44. Rxg5 h3 45. Rg1 h2 46. Rh1
Kg7 47. a4 Kf6 48. a5 Kf5 49. a6 Nc8 50. Kc2 c5 51. Kd2 Kg4 52. Nxe4 Kf3 53.
Ng3 Kxf2 54. Nf1 Rxa6 55. Nxh2 Rd6+ 56. Kc3 1/2-1/2

[Event "X Torneo Internazionale"]
[Site "Montecatini Terme ITA"]
[Date "2004.01.30"]
[Round "8"]
[White "Trabert, Bettina"]
[Black "Sciortino, Massimo"]
[Result "1-0"]
[WhiteElo "2247"]
[BlackElo "2187"]
[PlyCount "119"]
[EventDate "2004.01.24"]

1. e4 d6 2. d4 Nf6 3. Nc3 g6 4. g3 Bg7 5. Bg2 O-O 6. Nge2 e5 7. h3 c6 8. a4 a5
9. O-O Na6 10. Be3 Nb4 11. Qd2 Be6 12. f4 Bc4 13. Rf2 Qc7 14. b3 Ba6 15. Rd1
Rad8 16. Qc1 Rfe8 17. Kh2 exd4 18. Bxd4 d5 19. exd5 Nfxd5 20. Bxg7 Kxg7 21.
Nxd5 Nxd5 22. c4 Ne3 23. Rxd8 Qxd8 24. Nc3 Nxg2 25. Kxg2 b6 26. f5 f6 27. fxg6
hxg6 28. Rd2 Qc7 29. Qd1 Bc8 30. Qf3 Re1 31. Re2 Rxe2+ 32. Qxe2 Qd7 33. g4 c5
34. Nd5 Bb7 35. Qe4 Bxd5 36. cxd5 Kf7 37. h4 f5 38. gxf5 gxf5 39. Qe5 Kg6 40.
Kg3 b5 41. axb5 Qxb5 42. Qe6+ Kg7 43. Qe7+ Kg8 44. Qg5+ Kh8 45. Qh6+ Kg8 46.
Qg6+ Kh8 47. Qf6+ Kg8 48. Qe6+ Kg7 49. d6 Qd3+ 50. Kf4 Qd4+ 51. Kxf5 Qxh4 52.
Qg6+ Kf8 53. Qf6+ Qxf6+ 54. Kxf6 Ke8 55. Ke6 Kd8 56. d7 a4 57. bxa4 c4 58. a5
c3 59. a6 Kc7 60. a7 1-0

[Event "X Torneo Internazionale"]
[Site "Montecatini Terme ITA"]
[Date "2004.01.30"]
[Round "9"]
[White "Aldrovandi, Costantino"]
[Black "Skembris, Spyridon"]
[Result "0-1"]
[WhiteElo "2375"]
[BlackElo "2442"]
[PlyCount "70"]
[EventDate "2004.01.24"]

1. e4 d5 2. d3 dxe4 3. dxe4 Qxd1+ 4. Kxd1 Nf6 5. f3 e5 6. Be3 Nbd7 7. Nh3 Bc5
8. Bxc5 Nxc5 9. Nf2 Be6 10. Nd2 O-O-O 11. Nd3 Nfd7 12. Nb3 Nxd3 13. Bxd3 c5 14.
Nd2 Nb6 15. Kc1 Rd6 16. b3 Rhd8 17. a4 a5 18. Kb2 Kc7 19. Nc4 Bxc4 20. bxc4 Rg6
21. g3 Nc8 22. f4 Rb6+ 23. Ka2 Rb4 24. Rhb1 Nb6 25. Rxb4 cxb4 26. Kb2 f6 27. h4
Rd4 28. fxe5 fxe5 29. c5 Nd7 30. Rf1 Nxc5 31. Rf5 Nxa4+ 32. Ka2 Nc5 33. Rxe5
Nxd3 34. cxd3 Rxd3 35. Rxa5 Ra3+ 0-1

[Event "X Torneo Internazionale"]
[Site "Montecatini Terme ITA"]
[Date "2004.01.30"]
[Round "9"]
[White "Di Caro, Calogero"]
[Black "Scuderi, David"]
[Result "1-0"]
[WhiteElo "2297"]
[BlackElo "1831"]
[PlyCount "45"]
[EventDate "2004.01.24"]

1. Nf3 d6 2. d4 Nf6 3. c4 c5 4. Nc3 cxd4 5. Nxd4 e5 6. Nc2 Be7 7. g3 O-O 8. Bg2
Nc6 9. O-O Be6 10. Ne3 Qd7 11. Ned5 Bh3 12. Nxf6+ Bxf6 13. Bxh3 Qxh3 14. Qxd6
Nd4 15. Qd5 Qg4 16. f3 Qf5 17. Qxb7 Rfb8 18. Qe4 Qe6 19. e3 Nc6 20. b3 Be7 21.
Bb2 Nb4 22. Nd5 Bd6 23. Nxb4 1-0

[Event "X Torneo Internazionale"]
[Site "Montecatini Terme ITA"]
[Date "2004.01.30"]
[Round "9"]
[White "Sciortino, Massimo"]
[Black "Naumkin, Igor"]
[Result "1-0"]
[WhiteElo "2187"]
[BlackElo "2416"]
[PlyCount "41"]
[EventDate "2004.01.24"]

1. d4 Nf6 2. Nf3 e6 3. Bg5 c5 4. e3 b6 5. Nc3 Bb7 6. Be2 Be7 7. O-O O-O 8. a4
cxd4 9. exd4 Bxf3 10. Bxf3 d5 11. Ne2 Na6 12. c3 Nc7 13. Ng3 b5 14. axb5 Nxb5
15. c4 dxc4 16. Bxa8 Qxa8 17. Qa4 Qd5 18. Be3 Nxd4 19. Qxa7 Nc6 20. Qa4 h6 21.
Rfd1 1-0

[Event "X Torneo Internazionale"]
[Site "Montecatini Terme ITA"]
[Date "2004.01.30"]
[Round "9"]
[White "Squarci, Franco"]
[Black "Mrdja, Milan"]
[Result "0-1"]
[WhiteElo "2016"]
[BlackElo "2413"]
[PlyCount "76"]
[EventDate "2004.01.24"]

1. d4 Nf6 2. c4 c5 3. d5 g6 4. Nc3 Bg7 5. e4 d6 6. Bd3 O-O 7. Nge2 e6 8. O-O
exd5 9. cxd5 a6 10. a4 Re8 11. h3 c4 12. Bc2 Nbd7 13. Be3 Qa5 14. f4 Nc5 15.
Bxc5 Qxc5+ 16. Kh1 Rb8 17. a5 Bd7 18. Rf3 b5 19. axb6 Rxb6 20. Ra2 Qc7 21. g4
Reb8 22. Qc1 Qb7 23. Re3 Rxb2 24. Ra1 Qb6 25. Rf3 Nxg4 26. hxg4 Bxg4 27. Kg2
Bxf3+ 28. Kxf3 Bxc3 29. Nxc3 Qd4 30. Ne2 R8b3+ 31. Bxb3 Rxb3+ 32. Kg2 Qxe4+ 33.
Kf1 Qh1+ 34. Ng1 Rf3+ 35. Ke2 Qg2+ 36. Ke1 Qxg1+ 37. Kd2 Qf2+ 38. Kd1 Rd3+ 0-1

[Event "X Torneo Internazionale"]
[Site "Montecatini Terme ITA"]
[Date "2004.01.30"]
[Round "9"]
[White "Tocchioni, Doriano"]
[Black "Sabia, Corrado"]
[Result "1-0"]
[WhiteElo "2249"]
[BlackElo "2148"]
[PlyCount "61"]
[EventDate "2004.01.24"]

1. d4 d5 2. Nf3 Nf6 3. Bg5 Nbd7 4. Nbd2 g6 5. e3 Bg7 6. Be2 O-O 7. O-O Re8 8.
c4 c6 9. cxd5 cxd5 10. Rc1 e5 11. dxe5 Nxe5 12. Nxe5 Rxe5 13. Nf3 Re8 14. Bb5
Re4 15. Nd4 a6 16. Bd3 Re7 17. Qb3 Be6 18. f4 Rc8 19. Rce1 h6 20. Bh4 Qe8 21.
f5 g5 22. fxe6 gxh4 23. exf7+ Qxf7 24. Nf5 Re6 25. Nxg7 Qxg7 26. Bf5 Rce8 27.
Bxe6+ Rxe6 28. Qc3 Rc6 29. Qd3 h3 30. g3 Qg5 31. Rf5 1-0

[Event "X Torneo Internazionale"]
[Site "Montecatini Terme ITA"]
[Date "2004.01.31"]
[Round "10"]
[White "Mrdja, Milan"]
[Black "Scuderi, David"]
[Result "1/2-1/2"]
[WhiteElo "2413"]
[BlackElo "1831"]
[PlyCount "26"]
[EventDate "2004.01.24"]

1. e4 e5 2. Nf3 Nc6 3. Bb5 a6 4. Ba4 b5 5. Bb3 Bb7 6. O-O Nf6 7. Re1 d6 8. c3
Be7 9. h3 O-O 10. d4 Re8 11. Ng5 Rf8 12. Nf3 Re8 13. Ng5 Rf8 1/2-1/2

[Event "X Torneo Internazionale"]
[Site "Montecatini Terme ITA"]
[Date "2004.01.31"]
[Round "10"]
[White "Sabia, Corrado"]
[Black "Sciortino, Massimo"]
[Result "0-1"]
[WhiteElo "2148"]
[BlackElo "2187"]
[PlyCount "144"]
[EventDate "2004.01.24"]

1. e4 g6 2. d4 Bg7 3. Nc3 d6 4. Be3 c6 5. Qd2 Nf6 6. Nf3 Nbd7 7. Bh6 Bxh6 8.
Qxh6 Qa5 9. Bd3 c5 10. O-O cxd4 11. Nxd4 a6 12. Nb3 Qc7 13. Rfe1 b5 14. Nd5 Qa7
15. Qf4 Nxd5 16. exd5 Ne5 17. Rad1 Bb7 18. Na5 Bxd5 19. Bf1 Be6 20. a4 O-O 21.
axb5 axb5 22. Ra1 Qb6 23. Qb4 Ng4 24. Re2 Rac8 25. h3 Ne5 26. Rd2 Rc5 27. Nb3
Bxb3 28. Qxb3 Rfc8 29. c3 Kg7 30. Rdd1 Rb8 31. Qb4 Nc6 32. Qe4 Rf5 33. Rd2 Re5
34. Qf3 Na5 35. Rd5 Rxd5 36. Qxd5 Nc6 37. Qe4 Ne5 38. Rd1 b4 39. Rd5 bxc3 40.
Rb5 Qc6 41. Qxc6 Nxc6 42. bxc3 Rxb5 43. Bxb5 Nd8 44. Kf1 Kf6 45. Ke2 Ne6 46.
Ke3 Ke5 47. g3 g5 48. Bd3 f5 49. Bc2 h6 50. Bd1 f4+ 51. Kf3 Nc7 52. h4 d5 53.
hxg5 hxg5 54. gxf4+ gxf4 55. Ke2 Kd6 56. Kd3 Kc5 57. Ba4 e5 58. f3 Ne6 59. Bb3
Ng5 60. Ke2 Nh7 61. Kd3 Nf6 62. Ke2 Kd6 63. Kd3 Ke6 64. Ba4 e4+ 65. fxe4 dxe4+
66. Ke2 Ke5 67. c4 f3+ 68. Kf2 Kf4 69. c5 e3+ 70. Ke1 f2+ 71. Kf1 Ne4 72. Bb5
Nxc5 0-1

[Event "X Torneo Internazionale"]
[Site "Montecatini Terme ITA"]
[Date "2004.01.31"]
[Round "10"]
[White "Skembris, Spyridon"]
[Black "Di Caro, Calogero"]
[Result "1/2-1/2"]
[WhiteElo "2442"]
[BlackElo "2297"]
[PlyCount "52"]
[EventDate "2004.01.24"]

1. d4 d6 2. e4 Nf6 3. Nc3 g6 4. Bg5 h6 5. Be3 Bg7 6. h3 c6 7. Qd2 b5 8. Bd3
Nbd7 9. Nf3 Qc7 10. O-O Bb7 11. a3 a6 12. Rfe1 e5 13. Rad1 O-O-O 14. b4 exd4
15. Nxd4 c5 16. Ndxb5 axb5 17. Nxb5 Qb6 18. a4 Kb8 19. Rb1 Qc6 20. bxc5 Nxc5
21. Qa5 Nfxe4 22. Bxe4 Qxe4 23. Qc7+ Ka8 24. Qa5+ Kb8 25. Qc7+ Ka8 26. Qa5+ Kb8
1/2-1/2

[Event "X Torneo Internazionale"]
[Site "Montecatini Terme ITA"]
[Date "2004.02.01"]
[Round "11"]
[White "Aldrovandi, Costantino"]
[Black "Naumkin, Igor"]
[Result "0-1"]
[WhiteElo "2375"]
[BlackElo "2416"]
[PlyCount "52"]
[EventDate "2004.01.24"]

1. d4 e6 2. c4 f5 3. Nc3 Bb4 4. g3 Nf6 5. Bg2 Bxc3+ 6. bxc3 O-O 7. Nf3 d6 8.
O-O Qe8 9. a4 a5 10. Ba3 Bd7 11. c5 Ne4 12. cxd6 cxd6 13. Bb2 Na6 14. Nd2 Bc6
15. Nc4 Qd8 16. f3 Ng5 17. Ba3 Nf7 18. e4 fxe4 19. fxe4 b5 20. Rxf7 bxc4 21.
Rxf8+ Qxf8 22. d5 exd5 23. exd5 Bd7 24. Qf1 Qd8 25. Bh3 Qb6+ 26. Kh1 Rf8 0-1

[Event "X Torneo Internazionale"]
[Site "Montecatini Terme ITA"]
[Date "2004.02.01"]
[Round "11"]
[White "Di Caro, Calogero"]
[Black "Trabert, Bettina"]
[Result "1/2-1/2"]
[WhiteElo "2297"]
[BlackElo "2247"]
[PlyCount "50"]
[EventDate "2004.01.24"]

1. Nf3 d5 2. d4 c6 3. c4 e6 4. e3 Nf6 5. Bd3 Nbd7 6. O-O Bd6 7. Nbd2 O-O 8. e4
dxe4 9. Nxe4 Nxe4 10. Bxe4 c5 11. Bc2 Qc7 12. dxc5 Bxc5 13. b3 Rd8 14. Bb2 Nf8
15. Qe2 f6 16. Rad1 Bd7 17. Nd4 a6 18. Be4 Bxd4 19. Bxd4 e5 20. Bb2 Bc6 21. Bf5
Rxd1 22. Rxd1 Rd8 23. Bc3 Rxd1+ 24. Qxd1 g6 25. Bc2 Ne6 1/2-1/2

[Event "X Torneo Internazionale"]
[Site "Montecatini Terme ITA"]
[Date "2004.02.01"]
[Round "11"]
[White "Sciortino, Massimo"]
[Black "Squarci, Franco"]
[Result "1-0"]
[WhiteElo "2187"]
[BlackElo "2016"]
[PlyCount "99"]
[EventDate "2004.01.24"]

1. e4 e6 2. d4 d5 3. Nc3 Nf6 4. Bg5 dxe4 5. Nxe4 Be7 6. Bxf6 Bxf6 7. Nf3 O-O 8.
Bd3 b6 9. O-O Bb7 10. c3 Nd7 11. Qe2 Be7 12. Rad1 h6 13. Rfe1 Nf6 14. Ng3 Nd5
15. Qe4 g6 16. c4 Bb4 17. cxd5 Bxd5 18. Qg4 Bxe1 19. Rxe1 Qf6 20. Nh5 Qe7 21.
Ne5 Qg5 22. Qxg5 hxg5 23. Nf6+ Kg7 24. Nxd5 exd5 25. Bb5 Rad8 26. Kf1 Rd6 27.
Rc1 c5 28. dxc5 bxc5 29. Rxc5 d4 30. a4 a6 31. Bd3 f5 32. Rc7+ Kh6 33. Nf7+
Rxf7 34. Rxf7 Rb6 35. Rd7 Rxb2 36. Rxd4 Rb6 37. a5 Rc6 38. Ke2 g4 39. g3 Kg5
40. f4+ Kf6 41. Rb4 Rc5 42. Rb6+ Kg7 43. Rxa6 Rc1 44. Ra7+ Kh6 45. a6 Rh1 46.
Rd7 Rxh2+ 47. Ke3 Ra2 48. a7 g5 49. Bxf5 gxf4+ 50. gxf4 1-0

[Event "X Torneo Internazionale"]
[Site "Montecatini Terme ITA"]
[Date "2004.02.01"]
[Round "11"]
[White "Scuderi, David"]
[Black "Skembris, Spyridon"]
[Result "0-1"]
[WhiteElo "1831"]
[BlackElo "2442"]
[PlyCount "62"]
[EventDate "2004.01.24"]

1. e4 d5 2. exd5 Qxd5 3. Nc3 Qa5 4. d4 Nf6 5. Bd2 c6 6. Nf3 Bf5 7. Be2 e6 8.
O-O Nbd7 9. a3 Qc7 10. h3 h6 11. Be3 Bd6 12. Bd3 O-O-O 13. Bxf5 exf5 14. Ne2 f4
15. Bd2 g5 16. c4 Ne4 17. Rc1 Rhe8 18. Nc3 f5 19. d5 c5 20. Nb5 Qb8 21. Qa4 a6
22. Nxd6+ Qxd6 23. Ba5 g4 24. Nd2 gxh3 25. Nxe4 fxe4 26. gxh3 Qg6+ 27. Kh1 Qf5
28. Kh2 Ne5 29. Rc3 Rg8 30. Qd1 Rd6 31. f3 Rg3 0-1

[Event "X Torneo Internazionale"]
[Site "Montecatini Terme ITA"]
[Date "2004.02.01"]
[Round "11"]
[White "Tocchioni, Doriano"]
[Black "Mrdja, Milan"]
[Result "1/2-1/2"]
[WhiteElo "2249"]
[BlackElo "2413"]
[PlyCount "94"]
[EventDate "2004.01.24"]

1. d4 e6 2. g3 d5 3. Bg2 Nf6 4. Nf3 Be7 5. O-O O-O 6. c4 c6 7. Nc3 Nbd7 8. b3
b6 9. Bb2 Ba6 10. Nd2 b5 11. c5 b4 12. Na4 Bb5 13. f4 Ng4 14. Rf3 f5 15. a3 a5
16. h3 Ngf6 17. Qe1 Ne4 18. Nxe4 dxe4 19. Rf2 Bxa4 20. bxa4 Nf6 21. axb4 axb4
22. Qxb4 Nd5 23. Qa3 Qa5 24. e3 Rfb8 25. Bf1 Rb4 26. Bc3 Nxc3 27. Qxc3 Rxa4 28.
Qxa5 R8xa5 29. Rxa4 Rxa4 30. Rb2 Ra3 31. Kf2 g5 32. Bc4 Kf7 33. Rb6 Rc3 34. Ba6
gxf4 35. gxf4 Rc2+ 36. Ke1 Bh4+ 37. Kd1 Rh2 38. Rxc6 Rxh3 39. Bc8 Rxe3 40.
Bxe6+ Ke7 41. Bxf5 Rd3+ 42. Ke2 Rxd4 43. Ke3 Rc4 44. Bxe4 Bf2+ 45. Kxf2 Rxe4
46. Kf3 Rc4 47. Kg4 h5+ 1/2-1/2

[Event "XI Weekend Nervi"]
[Site "Genova ITA"]
[Date "2004.01.25"]
[Round "3"]
[White "Cirabisi, Federico"]
[Black "Pedemonte, Claudio"]
[Result "1-0"]
[WhiteElo "2095"]
[BlackElo "1957"]
[PlyCount "101"]
[EventDate "2004.01.24"]

1. e4 d5 2. Nc3 d4 3. Nce2 b6 4. Nf3 c5 5. Ng3 Bb7 6. Bb5+ Bc6 7. a4 Nf6 8. e5
Nd5 9. e6 f6 10. O-O g6 11. d3 Nc7 12. Re1 Nxb5 13. axb5 Bxb5 14. Bf4 Bc6 15.
Nd2 Qc8 16. Qg4 Na6 17. h4 Nb4 18. Rac1 Nd5 19. Nc4 Nxf4 20. Qxf4 Qd8 21. f3
Qb8 22. Qg4 Bh6 23. Ra1 Rg8 24. Ne4 f5 25. Ned6+ exd6 26. Qg3 Ke7 27. h5 f4 28.
Qg4 g5 29. Re2 Rf8 30. Rae1 Bd5 31. Nd2 Rf6 32. c4 dxc3 33. bxc3 Qg8 34. d4
cxd4 35. cxd4 Rc8 36. Nf1 Bc4 37. Re4 Bd3 38. Nd2 Rc2 39. Nb3 Bxe4 40. fxe4
Qxe6 41. Qf3 g4 42. Qd3 Rb2 43. e5 Qxb3 44. exf6+ Kxf6 45. Qe4 f3 46. gxf3 gxf3
47. Qe7+ Kf5 48. Qxh7+ Kg5 49. Qg6+ Kh4 50. Re4+ Kh3 51. Qg4# 1-0